000 00995nam a2200205 i 4500
001 162953
003 ES-MaACL
005 20250818101412.0
008 931025s1672 sp a |||| | spa d
040 _aPalacio Real. Catálogo de impresos españoles del S. XVII
_bspa
_cPAB
100 1 _aRamos del Manzano, Francisco.
_9131580
245 1 0 _aReynados de menor edad y de grandes reyes
_b: apuntamientos de historia... /
_cpor el doct. don Francisco Ramos del Mançano...
260 _aEn Madrid :
_bpor Francisco Sanz en la Imprenta del Reyno,
_c1672.
300 _a[20], 403 p., [10] h. de grab. ;
_c4º.
597 _aSign.: §8, 2§², A-Z8, 2A-2B8, 2C².
599 _aLas h. de grab. calc.: "Petrus Villafranca sculptor regius sculpsit. Matriti, 1672"
650 7 _aReyes y soberanos
_2embne
_916904
852 _aES-MaACL
_jR-845
_q-- Deteriorado afectando al texto
_z-- Enc. pasta española
_q-- Falto de las h. de grab.
_x-- Olim G-3836
999 _c162953
_d162953